000 00455nam a2200157Ia 4500
008 210716s2008 xx 000 0 und d
020 _a9788178297170
041 _aeng
082 _a658.301 CHAA
100 _aChanda, Ashok.
245 _aStrategic human resource technologies: keys to managing people.
_bKeys to managing people.
250 _a1
260 _aNew Delhi
_bResponse Books
_c2008
300 _a519
650 _aHuman Resource Development
999 _c202510
_d202510